01349naa#a2200229#i#4500001001600000005001700016011001400033100004100047102000700088200028500095210020500380215001100585608004500596675012000641700005200761700006000813700005400873700005400927700005400981700005401035856003001089RU\\bibl\12342820260705160749.7##a1994-4683##a20230731b2023####ek#y0rusy0150####ca##aRU1#aОБРАЗОВАТЕЛЬНАЯ ИНИЦИАТИВА "ГРАНТ КАК ДИПЛОМ" В СИСТЕМЕ ИТОГОВОЙ ГОСУДАРСТВЕННОЙ АТТЕСТАЦИИ ВЫПУСКНИКОВ ВЫСШЕЙ ФИЗКУЛЬТУРНОЙ ШКОЛЫeЖурнальная статья1#aМоскваcНациональный государственный Университет физической культуры, спорта и здоровья им. П.Ф. Лесгафтаd2023##a10 с.##aЖурнальная статья2local##aВысшее образование. Высшая школа. Подготовка научных кадров. 378#1aИвановgАндрей Викторович#1aТютюковgВячеслав Григорьевич#1aГалицынgСергей Викторович#1aБородинgПетр Владимирович#1aМалыгинаgЕлена Николаевна#1aЖданgАлександра Андреевна4#auchzapiski.lesgaft.spb.ru